Real Italian food - Sudden Death - Statistics

General Stats
  • This quiz has been taken 66 times
  • The average score is 6 of 10
Answers on the Grid
Answers color-coded by a green-red scale on the quiz's grid according to % correct below.
Caesar salad
Cannoli
Carbonara
Chicken Parmesan
Fettuccine Alfredo
Gelato
Italian dressing
Lasagne
Mac and Cheese
Mozzarella
Mozzarella Sticks
Omelette
Paella
Parmigiano
Pepperoni Pizza
Pizza Margherita
Porchetta
Risotto
Spaghetti and Meatballs
Tiramisù
 
Answer Stats
Answer % Correct
Cannoli
86%
Carbonara
80%
Lasagne
69%
Gelato
67%
Mozzarella
65%
Risotto
63%
Parmigiano
57%
Tiramisù
57%
Pizza Margherita
53%
Porchetta
49%
No matching quizzes found
Score Distribution
Percent of People with Each Score
Percentile by Number Answered
Your Score History
You have not taken this quiz